000 00375nam a2200157Ia 4500
008 230711s9999||||xx |||||||||||||| ||und||
041 _aENG
082 _a624
_bLA-S
100 _aLambe,T William
245 0 _aSoil testing for engineers
250 _a1st
260 _c1993
_aNew Delhi
_bWiley Eastern Limited
300 _a163
650 _aCivil Engineering
942 _cBK
999 _c2433
_d2433